000 00568nam a22001697a 4500
999 _c21083
_d21083
003 AR-CdUCM
008 191003b ||||| |||| 00| 0 spa d
040 _aMUNICIPALIDAD PROVINCIAL DEL CUSCO
_cBIBLIOTECA MUNICIPAL DEL CUSCO
082 _aC / 352.48 /
_bP85 / 1992
110 _aMunicipalidad provincial del Qosqo
_943933
245 _aPresupuesto funcional de la municipalidad provincial del Qosqo 1992 /
260 _aCuzco :
_c1992.
300 _a18 páginas ;
_c34 cm.
650 _aPrsupuesto
_943931
650 _aProvincia Cusco
_943932
942 _2ddc
_cLIBROS